ბათუმის შოთა რუსთაველის სახელმწიფო უნივერსიტეტის ბიბლიოთეკა

რეკლამა, როგორც ენობრივ-კულტურული ფენომენი და მისი კვლევის გენდერული ასპექტები : დისერტაცია / (ბიბ.ჩანაწერი № 55490)

000 -ლიდერი
ფიქსირებული სიგრძის საკონტროლო ველი 01257nam a2200229Ia 4500
001 - საკონტროლო ნომერი
საკონტროლო ველი 22572
003 - საკონტროლო ნომრის იდენტიფიკატორი
საკონტროლო ველი GE_BSU
005 - ბოლო ოპერაციის თარიღი და დრო
საკონტროლო ველი 20220920165655.0
008 - ფიქსირებული სიგრძის მონაცემთა ელემენტები - ზოგადი ინფორმაცია
ფიქსირებული სიგრძის საკონტროლო ველი 181216s2008||||ge |||||||||||||| ||geo||
040 ## - კატალოგიზაციის წყარო
Transcribing agency GE_BSU
041 ## - ენის კოდი
Language code of text/sound track or separate title geo
080 ## - უნივერსალური ათობითი კლასიფიკაციის ინდექსი
Universal Decimal Classification number 81 ა-98
100 ## - მთავარი ჩანაწერი - პიროვნების სახელი
Personal name ახვლედიანი, ნელი
9 (RLIN) 10618
245 ## - ცნობა სათაურის შესახებ
Title რეკლამა, როგორც ენობრივ-კულტურული ფენომენი და მისი კვლევის გენდერული ასპექტები : დისერტაცია /
Statement of responsibility, etc ნელი ახვლედიანი; სამეცნ. ხელმძღვანელი ნ. ბოლქვაძე;
264 ## - წარმოების, გამოცემის, დისტრიბუციის და სხვა ცნობები
გამოცემის, წარმოების, დისტრიბუციის... ადგილი ბათუმი,
გამოცემის, წარმოების, დისტრიბუციის... თარიღი 2008.
300 ## - ფიზიკური აღწერა
Extent 138 გვ. ;
Other physical details 30 სმ.
653 ## - INDEX TERM--UNCONTROLLED
Uncontrolled term რეკლამა, როგორც ენობრივ-კულტურული ფენომენი და მისი კვლევის გენდერული ასპექტები
653 ## - INDEX TERM--UNCONTROLLED
Uncontrolled term ფილოლოგია
653 ## - INDEX TERM--UNCONTROLLED
Uncontrolled term დისერტაცია
700 ## - ADDED ENTRY--PERSONAL NAME
Personal name ბოლქვაძე, ნ.
Relator term სამეცნ. ხელმძღვანელი
9 (RLIN) 10619
942 ## - ADDED ENTRY ELEMENTS (KOHA)
Koha item type წიგნი
Source of classification or shelving scheme
ეგზემპლარები
ჩამოწერის სტატუსი დაკარგული ეგზემპლარის სტატუსი კლასიფიკაციის წყარო ან თაროზე გაწყობის სქემა დაზიანების სტატუსი არ გაიცემა მუდმივი მდებარეობა (დაცვის ადგილი) ამჟამინდელი ადგილსამყოფელი თაროზე განთავსების ადგილი შეძენის თარიღი სრული შენახვის შიფრი შტრიხკოდი ბოლო ოპერაციის თარიღი ეგზემპლარის მიმდევრობითი ნომერი (კეტერი?) ფასის ძალაში შესვლის თარიღი ეგზემპლარის სახეობა საჯარო შენიშვნა
          ბათუმის შოთა რუსთაველის სახელმწიფო უნივერსიტეტის მთავარი ბიბლიოთეკა ბათუმის შოთა რუსთაველის სახელმწიფო უნივერსიტეტის მთავარი ბიბლიოთეკა წიგნსაცავი 2018-12-17 81 ა-98 62 დისერტ 2018-12-17 62 2018-12-17 დისერტაცია